LEADER 01037nam a2200241 i 4500 001 000000157346 003 CaOOAMICUS 005 20070105000000.0 008 070105s1973 it u000 u ita u 013 $a134702 040 $aSeMil$bita 245 12$aL'opera completa di Michelangelo scultore /$cIntrodotta da scritti dell'artista e coordinata da Umberto Baldini. 260 $aMilano :$bRizzoli,$c1973. 300 $a115 p. :$bill. ;$c31 cm. 490 0 $aClassici dell'arte ;$v68 500 $aContiene : Bibliografia essenziale. 650 4$aBuonarroti, Michelangelo <1475-1564> - Scultura.$0(OLS)http://semarc/subject/23761 700 1 $aBaldini, Umberto.$0(OLS)http://semarc/name/25379 830 0$aClassici dell'arte ;$v68.$0(OLS)http://semarc/title/529 850 $aSeMil 852 $aSeMil$W1$xVenegono$y1$m5L XI 68$j109032$B109032$CSeMilBibl$Z2$F118556 $81 996 $6245$aL'opera completa di Michelangelo scultore$9(OLS)http://semarc/title/230718 996 $6260$aMilano :$bRizzoli$9(OLS)http://semarc/publisher/29824 LEADER 01289nam a2200289 4500 001 000000341897 003 CaOOAMICUS 005 20201015110157.0 008 200907s2017 ci a 000 u eng r 020 $a978-953-55479-5-2 040 $aSeMil$bita 100 1 $aDamjanovi?, Dragan.$0(OLS)http://semarc/name/112051 245 14$aThe art treasures of Strossmayer's cathedral in ?akovo /$cDragan Damjanovi? ; concept ?or? Drau?nik ; photography Miro Martini?. 264 1$a?akovo :$bCity of ?akovo,$c2017. 300 $a415 p. :$bill. ;$c32 cm 541 0 $aFondo mons. Mario Delpini 650 4$aCroazia - Arte sacra.$0(OLS)http://semarc/subject/22868 650 4$aCroazia - Arte.$0(OLS)http://semarc/subject/25741 700 1 $aDraus?nik, ?or?.$0(OLS)http://semarc/name/112052 700 1 $aMartini?, Miro.$0(OLS)http://semarc/name/112053 850 $aSeMil 852 $aSeMil$W1$xVenegono$y1$m5F XVI 76$j221922$B232942$CSeMilBibl$Z2$F232942 $81 941 1 $a7 996 $6020$a978-953-55479-5-2$9(OLS)http://semarc/number/291157 996 $6245$aThe art treasures of Strossmayer's cathedral in ?akovo$9(OLS)http://semarc/title/430791 996 $6264$a?akovo :$bCity of ?akovo$9(OLS)http://semarc/publisher/59280